Hydraulický a konštrukčný návrh špirálového čerpadla
Gespeichert in:
| 1. Verfasser: | |
|---|---|
| Weitere Verfasser: | |
| Format: | Manuskript Buch |
| Sprache: | Slowakisch |
| Veröffentlicht: |
2015
|
| Schlagworte: | |
| Online-Zugang: | http://is.stuba.sk/zp/portal_zp.pl?podrobnosti=100197 |
| Tags: |
Keine Tags, Fügen Sie das erste Tag hinzu!
|
MARC
| LEADER | 00000ntm a22000003a 4500 | ||
|---|---|---|---|
| 001 | stuzp53077 | ||
| 003 | SK-STU | ||
| 005 | 20160719154355.2 | ||
| 007 | ta | ||
| 008 | 150427s2015----xo-----f-mn---000-0-slo-d | ||
| 040 | |a STU |b slo | ||
| 041 | 0 | |a slo | |
| 100 | 1 | |a Tóth, Ádám |u 020040 |4 aut |U SjF Strojnícka fakulta |T SjF Ústav chemických a hydraulických strojov a zariadení |X 56612 |U J0040 |Y 807 |7 56612 | |
| 242 | 0 | 1 | |a Hydraulic and constructural proposal of hydrodynamic spiral pump |y eng |
| 245 | 1 | 0 | |a Hydraulický a konštrukčný návrh špirálového čerpadla |
| 260 | |c 2015 | ||
| 650 | 4 | |a hydrodynamické čerpadlo |2 slo | |
| 650 | 4 | |a pracovné parametre |2 slo | |
| 650 | 4 | |a obežné koleso |2 slo | |
| 650 | 4 | |a lopatky |2 slo | |
| 650 | 4 | |a špirálový difúzor |2 slo | |
| 650 | 4 | |a ložiskový dom |2 slo | |
| 650 | 4 | |a mechanická upchávka |2 slo | |
| 650 | 4 | |a čerpadlo |2 slo | |
| 650 | 4 | |a kavitácia |2 slo | |
| 650 | 4 | |a pump |2 eng | |
| 650 | 4 | |a hydrodinamic pump |2 eng | |
| 650 | 4 | |a cavitation |2 eng | |
| 650 | 4 | |a working parameters |2 eng | |
| 650 | 4 | |a impeller |2 eng | |
| 650 | 4 | |a impeller blades |2 eng | |
| 650 | 4 | |a spiral casing |2 eng | |
| 650 | 4 | |a bearing house |2 eng | |
| 650 | 4 | |a mechanical seal |2 eng | |
| 700 | 1 | |a Knížat, Branislav |4 ths |X 2371 |7 A000002371 | |
| 856 | 4 | |u http://is.stuba.sk/zp/portal_zp.pl?podrobnosti=100197 | |
| 996 | |b 284J043882 |c J* 2172/BP |l JJSK |s A |a 24 |w stuzp53077_0001 | ||
| SQL | |a stuzp53077 |b DBP |c SLO |d Hydraulický a konštrukčný návrh špirálového čerpadla |e 56612 |f Tóth, Ádám |g 020040 |h 2371 |i Knížat, Branislav |j 20150616 |k 44 |l 02 |m http://is.stuba.sk/zp/portal_zp.pl?podrobnosti=100197 |n B-ESTR |o 5.2.29. energetika | ||